[Event "AUTO-INT-2348"]
[Site "http://www.queenalice.com/game.php?id=1070770"]
[Date "2012.6.11"]
[Round "1"]
[White "fieldesigner"]
[Black "luizpessoa"]
[Result "0-1"]
[WhiteElo "1619"]
[BlackElo "1673"]

1. e4 d6 2. Bc4 e6 3. Bb5+ c6 4. Ba4 b5 5. Bb3 a5 6. c3 a4 7. Bc2 e5 8. d4 exd4
9. Qxd4 Be6 10. Nf3 Nf6 11. e5 dxe5 12. Qxe5 Bd6 13. Qg5 Qe7 14. O-O O-O 15. b3
axb3 16. Bxb3 Bxb3 17. Re1 Qc7 18. a3 Nbd7 19. Nd4 Bxh2+ 20. Kh1 h6 21. Qh4 Be5
22. Rxe5 Qxe5 23. Nxb3 c5 24. f4 Qe4 25. N3d2 Qc2 26. Qe1 Rfe8 27. Qf1 b4 28.
cxb4 cxb4 29. Kh2 bxa3 30. Bxa3 Nc5 31. Nf3 Nb3 32. Nbd2 Nxa1 33. Qxa1 Re3 34.
Nb1 Ne4 35. Nd4 Qd3 36. Nf5 f6 37. Nxe3 Qxe3 38. Qa2+ Kh8 39. Qd5 Rb8 40. Qd1
Qxf4+ 41. Kg1 Qf2+ 42. Kh2 Qb6 43. Nd2 Qc7+ 44. Kg1 Nxd2 45. Qxd2 Rb1+ 46. Kf2
Qb6+ 47. Ke2 Qb5+ 48. Kf2 Qf1+ 49. Kg3 Rb3+ 50. Kh2 Rxa3 51. Qd5 Qf4+ 52. Kg1
Ra1+ 53. Qd1 Rxd1# 0-1

[Event "AUTO-INT-2348"]
[Site "http://www.queenalice.com/game.php?id=1070771"]
[Date "2012.6.11"]
[Round "1"]
[White "luizpessoa"]
[Black "fieldesigner"]
[Result "1-0"]
[WhiteElo "1598"]
[BlackElo "1662"]

1. e4 e5 2. Nf3 Nc6 3. Bc4 Qf6 4. d3 h6 5. Bd5 Nb4 6. Bc4 Bc5 7. a3 Nc6 8. b4
Bb6 9. c3 a6 10. a4 Nce7 11. h3 d5 12. exd5 c6 13. dxc6 Qxc6 14. b5 Qc5 15. Be3
Qd6 16. Bxb6 Qxb6 17. Nxe5 Be6 18. Bxe6 Qxe6 19. Qe2 Qf5 20. Nf3 axb5 21. Nbd2
bxa4 22. O-O Qf6 23. c4 a3 24. Rfe1 a2 25. Ne4 Qb6 26. Rxa2 Rxa2 27. Qxa2 Nc8
28. Qa1 Nge7 29. Qxg7 Rg8 30. Nf6+ Kd8 31. Nxg8 Nxg8 32. Qxg8+ Kc7 33. Qxf7+ Kb8
34. Qf4+ Nd6 35. Qxh6 Qb3 36. Qxd6+ Ka7 37. Ra1+ Qa3 38. Rxa3# 1-0

[Event "Challenge"]
[Site "http://www.queenalice.com/game.php?id=1076745"]
[Date "2012.6.27"]
[Round "-"]
[White "Scaracioli"]
[Black "fieldesigner"]
[Result "1-0"]
[WhiteElo "1632"]
[BlackElo "1652"]

1. e4 e5 2. Nf3 f6 3. g4 d6 4. d3 d5 5. Nfd2 dxe4 6. Nxe4 Nc6 7. Be3 g6 8. a3 h5
9. Be2 Be6 10. f3 Qd5 11. c4 Qd7 12. Qd2 hxg4 13. Bh6 Bxh6 14. Qc3 Bf8 15. Qc2
Nd4 16. Qd1 f5 17. Nec3 Rh3 18. Nd2 Bh6 19. Bf1 Bxd2+ 20. Kxd2 Nxf3+ 21. Kc1 Nd4
22. Bxh3 gxh3 23. Rg1 Ne7 24. Kb1 g5 25. Rxg5 O-O-O 26. Qh5 e4 27. Qxh3 exd3 28.
Qxd3 Nb3 29. Qxd7+ Rxd7 30. Ra2 Nd2+ 31. Kc1 Nxc4 32. b3 Ne3 33. Re2 Rd3 34. Kb2
Nf1 35. Rxe6 Rd2+ 36. Kc1 Kd7 37. Re1 Rf2 38. Rg7 Rf3 39. Rexe7+ Kd8 40. Rxc7
Nxh2 41. Nd1 Rxb3 42. Kc2 Rxa3 43. Rxb7 Nf3 44. Rb8# 1-0

[Event "Challenge"]
[Site "http://www.queenalice.com/game.php?id=1083531"]
[Date "2012.7.17"]
[Round "-"]
[White "Scaracioli"]
[Black "fieldesigner"]
[Result "0-1"]
[WhiteElo "1735"]
[BlackElo "1570"]

1. e4 e5 2. Nf3 f6 3. d4 a6 4. d5 c6 5. c4 Bb4+ 6. Bd2 a5 7. a3 Bxd2+ 8. Nbxd2
c5 9. Qa4 Qb6 10. Rb1 Nh6 11. Qc2 a4 12. h3 Qa5 13. Bd3 Na6 14. O-O Qb6 15. Qxa4
O-O 16. Qc2 d6 17. b3 f5 18. exf5 Nxf5 19. g4 Nd4 20. Nxd4 cxd4 21. b4 Qd8 22.
Bxh7+ Kh8 23. Rb3 Qh4 24. Be4 Nc7 25. Rg3 Ne8 26. Bg2 Bd7 27. Nf3 Qd8 28. c5
Rxa3 29. h4 Raxf3 30. Bxf3 Rxf3 31. Rxf3 Nf6 32. Rxf6 Qxf6 33. g5 Qf3 34. g6 Bh3
35. Ra1 Qg2# 0-1

[Event "Challenge"]
[Site "http://www.queenalice.com/game.php?id=1083532"]
[Date "2012.7.17"]
[Round "-"]
[White "Scaracioli"]
[Black "fieldesigner"]
[Result "1-0"]
[WhiteElo "1702"]
[BlackElo "1593"]

1. e4 e5 2. Nf3 Bd6 3. d4 Nc6 4. d5 Nce7 5. c4 c6 6. dxc6 dxc6 7. Bd2 c5 8. h3
Qb6 9. b3 Qc6 10. Bd3 Nf6 11. Qe2 a5 12. a3 O-O 13. Nc3 Nh5 14. g4 Nf4 15. Bxf4
exf4 16. Nb5 Bb8 17. a4 Ng6 18. O-O-O Be5 19. Rdg1 Bd4 20. Nfxd4 cxd4 21. h4 Ne5
22. Nxd4 Qc5 23. f3 Qa3+ 24. Kb1 Nxd3 25. Qxd3 Rd8 26. Rg2 Qb4 27. Rd1 Bd7 28.
Ra2 Be6 29. Qc2 Rac8 30. Rb2 g6 31. Rd3 Qe1+ 32. Ka2 Qxh4 33. Qc3 b6 34. Nxe6
fxe6 35. Rbd2 Re8 36. Rd7 Re7 37. Rxe7 Qxe7 38. Rd4 h5 39. gxh5 gxh5 40. Qd2 e5
41. Rd5 h4 42. Rd7 Qe8 43. Qd5+ Kf8 44. Qd6+ Kg8 45. Qd5+ Kf8 46. Qd6+ Kg8 47.
Re7 Qc6 48. Qxe5 Qg6 49. Qxf4 h3 50. Re5 Qg2+ 51. Kb1 Qf1+ 52. Kc2 Qf2+ 53. Kc3
Qe1+ 54. Kc2 Qf2+ 55. Kc3 Rc7 56. Re8+ Kg7 57. Qxc7+ Kg6 58. Qxb6+ Kf7 59. Qe6+
Kg7 60. Re7+ Kh8 61. Qc8# 1-0

[Event "Challenge"]
[Site "http://www.queenalice.com/game.php?id=1097097"]
[Date "2012.8.27"]
[Round "-"]
[White "Scaracioli"]
[Black "fieldesigner"]
[Result "1-0"]
[WhiteElo "1763"]
[BlackElo "1581"]

1. e4 e5 2. Nf3 Nc6 3. d4 exd4 4. Nxd4 Qh4 5. Nc3 Bc5 6. Be3 d6 7. Nf5 Qf6 8. g4
Bxe3 9. Nxe3 Nge7 10. f3 Qh4+ 11. Ke2 b6 12. Ng2 Ba6+ 13. Kd2 Qf2+ 14. Ne2 Bxe2
15. Qxe2 Qd4+ 16. Qd3 Qxb2 17. Be2 Qb4+ 18. c3 Qa5 19. Ne3 Qg5 20. h4 Qf4 21.
Rag1 Ng6 22. Kc2 Nge5 23. Qd2 Nxf3 24. Bxf3 Qxf3 25. Rf1 Qxe4+ 26. Kc1 O-O 27.
Re1 Qf3 28. Rhf1 Qh3 29. Qf2 Ne5 30. Rh1 Qf3 31. Qxf3 Nxf3 32. Re2 Ne5 33. g5
Nd3+ 34. Kc2 Nf4 35. Rf2 Nh5 36. Rg1 a5 37. Rg4 a4 38. Nd5 c5 39. Nxb6 Ra7 40.
a3 1-0

[Event "Challenge"]
[Site "http://www.queenalice.com/game.php?id=1100513"]
[Date "2012.9.7"]
[Round "-"]
[White "rovardo"]
[Black "fieldesigner"]
[Result "1-0"]
[WhiteElo "1829"]
[BlackElo "1572"]

1. e4 e5 2. Nf3 Qf6 3. Bc4 Qc6 4. d3 d6 5. h3 Be7 6. O-O Nf6 7. Re1 Nh5 8. Nxe5
dxe5 9. Qxh5 Qe6 10. Bxe6 Bxe6 11. Qxe5 O-O 12. Qxc7 b5 13. Qxe7 Nc6 14. Qc5 Nb8
15. Qxb5 a6 16. Qg5 Nd7 17. b3 h6 18. Qg3 g5 19. h4 f6 20. hxg5 hxg5 21. f4 g4
22. f5 Bf7 23. Qxg4+ Kh7 24. Kf2 Rg8 25. Rh1+ Bh5 26. Rxh5# 1-0

[Event "Challenge"]
[Site "http://www.queenalice.com/game.php?id=1102824"]
[Date "2012.9.14"]
[Round "-"]
[White "Rogerio11"]
[Black "fieldesigner"]
[Result "0-1"]
[WhiteElo "1328"]
[BlackElo "1593"]

1. e4 e5 2. Bc4 Nf6 3. g4 g5 4. Qf3 Nc6 5. d3 Nd4 6. Qd1 d5 7. exd5 Nxd5 8. c3
Ne6 9. Nf3 f6 10. Bb5+ c6 11. Ba4 Nc5 12. c4 Nb6 13. Bc2 Bxg4 14. h3 Bh5 15. Nc3
Ne6 16. b4 Bxb4 17. Bb2 a5 18. d4 Nxd4 19. Nxd4 Bxd1 20. Rxd1 exd4 21. c5 Nc4
22. Bc1 Bxc3+ 23. Kf1 O-O 24. h4 g4 25. a4 f5 26. Bg5 Qd5 27. Bb3 Qxh1+ 28. Ke2
Qf3+ 29. Kf1 Qd5 30. Be7 Rfe8 31. Bf6 Ne3+ 32. Kg1 Qxb3 33. Rc1 Nd5 34. Bg5 Qxa4
35. Bh6 d3 0-1

[Event "Challenge"]
[Site "http://www.queenalice.com/game.php?id=1104110"]
[Date "2012.9.18"]
[Round "-"]
[White "Scaracioli"]
[Black "fieldesigner"]
[Result "0-1"]
[WhiteElo "1691"]
[BlackElo "1572"]

1. e4 e5 2. Nf3 Nc6 3. d4 exd4 4. Nxd4 Nxd4 5. Qxd4 c6 6. h4 h6 7. Bd3 Ne7 8. f4
Qc7 9. c4 Ng6 10. f5 Nf4 11. O-O Nxd3 12. Qxd3 Bc5+ 13. Be3 Bxe3+ 14. Qxe3 Qe5
15. Nc3 d6 16. Rad1 O-O 17. Rf3 Bd7 18. b3 a5 19. Ne2 Qb2 20. Rd2 Qa1+ 21. Kf2
Qe5 22. Nc3 b5 23. Ne2 bxc4 24. bxc4 c5 25. Rd5 Qf6 26. g3 Rfe8 27. h5 a4 28. a3
Rab8 29. g4 Rb3 30. Qf4 Qh4+ 31. Rg3 Rxa3 32. Rxd6 Rxg3 33. Nxg3 Qd8 34. e5 a3
35. Ra6 Qb8 36. Rxa3 Qb2+ 37. Ne2 Qxa3 38. g5 Qa6 39. Kg3 Bc8 40. Kg4 g6 41.
hxg6 fxg6 42. Ng3 gxf5+ 43. Nxf5 Bxf5+ 44. Qxf5 Qxc4+ 45. Kh5 Qf7+ 46. Qxf7+
Kxf7 47. g6+ Kg8 48. Kxh6 Rxe5 49. g7 c4 50. Kg6 c3 51. Kf6 Re1 0-1

[Event "Challenge"]
[Site "http://www.queenalice.com/game.php?id=1111030"]
[Date "2012.10.10"]
[Round "-"]
[White "Scaracioli"]
[Black "fieldesigner"]
[Result "0-1"]
[WhiteElo "1723"]
[BlackElo "1598"]

1. e4 e5 2. Nf3 d6 3. h3 Nf6 4. Nc3 c6 5. d4 Qa5 6. Bd2 exd4 7. Nxd4 Nxe4 8.
Nxe4 Qe5 9. Bc3 Qxe4+ 10. Ne2 Na6 11. Qd2 Nc5 12. f3 Qh4+ 13. g3 Qd8 14. O-O-O
Na4 15. Nd4 Nxc3 16. Qxc3 Be7 17. g4 Bg5+ 18. Kb1 O-O 19. Bd3 Qb6 20. Nf5 Bxf5
21. gxf5 Bf6 22. Qb3 Qc7 23. h4 a5 24. a3 a4 25. Qc4 Qb6 26. c3 d5 27. Qg4 c5
28. Rhg1 Bxc3 29. Rg2 Bf6 30. Rdg1 c4 31. Bf1 c3 32. Qb4 Qc7 33. Rc2 d4 34. Bd3
b5 35. Bxb5 Qb6 36. Rg4 Qb7 37. bxc3 Be7 38. Qc4 Rfc8 39. Qd3 Bf6 40. cxd4 Rxc2
41. Kxc2 Qc7+ 42. Kd2 Qh2+ 43. Kc3 Rc8+ 44. Bc4 Qa2 45. Kb4 Be7+ 46. Kxa4 Rxc4+
47. Kb5 Rc8 48. d5 Qb2+ 49. Rb4 Bxb4 50. axb4 Rb8+ 51. Kc6 Qxb4 52. Qa6 Qc3+ 53.
Kd6 Qf6+ 54. Kc7 Qd8+ 55. Kc6 Qe8+ 56. Kc5 Qe3+ 57. Kc6 Qxf3 58. Qa7 Rf8 59. Qd7
Qc3+ 60. Kd6 Qf6+ 61. Kc7 Qxh4 62. d6 Qc4+ 63. Kb7 Qd5+ 64. Kc7 h5 65. Qc6 Qxf5
66. d7 Qe5+ 67. Qd6 Qc3+ 68. Kb6 Rd8 69. Qc7 Qb4+ 70. Kc6 Qc4+ 71. Kd6 Qe6+ 72.
Kc5 Rxd7 73. Qb8+ Kh7 74. Qb1+ g6 75. Qb6 Qxb6+ 76. Kxb6 Rd6+ 77. Kc5 Re6 78.
Kd4 h4 79. Kd3 h3 80. Kd2 h2 81. Kd3 h1=Q 82. Kd4 Qd1+ 83. Kc5 Rd6 84. Kc4 Rc6+
85. Kb5 Qc1 86. Kb4 Rb6+ 87. Ka5 Qb1 0-1

[Event "Challenge"]
[Site "http://www.queenalice.com/game.php?id=1117864"]
[Date "2012.10.31"]
[Round "-"]
[White "Scaracioli"]
[Black "fieldesigner"]
[Result "1-0"]
[WhiteElo "1744"]
[BlackElo "1619"]

1. e4 e5 2. Nf3 Bd6 3. a3 Nf6 4. Nc3 c6 5. d4 Qa5 6. Bd2 exd4 7. Nxd4 Qb6 8. Nb3
Qd8 9. Qe2 Qe7 10. f4 Bc7 11. O-O-O d6 12. h3 b5 13. g4 d5 14. e5 Nfd7 15. Na2
O-O 16. Bc3 a5 17. f5 Nxe5 18. Bxe5 Bxe5 19. Re1 Qg5+ 20. Nd2 Qf6 21. Qxe5 Qxe5
22. Rxe5 Nd7 23. Re2 b4 24. axb4 axb4 25. Nxb4 Ra1+ 26. Nb1 c5 27. Nxd5 Bb7 28.
Bg2 Bxd5 29. Bxd5 Nf6 30. Bf3 Rb8 31. c3 Rf8 32. Rc2 Ne8 33. Kd2 Nd6 34. Bd1
Ne4+ 35. Kc1 Nf6 36. b3 Rb8 37. Rb2 Nd5 38. c4 Nb4 39. Kd2 Rd8+ 40. Ke2 Nd3 41.
Rd2 Nc1+ 42. Ke3 Re8+ 43. Kf3 Rxb1 44. Bc2 Ra1 45. Rhd1 Kf8 46. h4 f6 47. Rd8
Rxd8 48. Rxd8+ Ke7 49. Rd1 g6 50. fxg6 hxg6 51. Bxg6 Nxb3 52. Rxa1 Nxa1 53. h5
Nb3 54. Kf4 Nd2 55. h6 Kf8 56. Kf5 Nxc4 57. Kxf6 Kg8 58. Bd3 Ne3 59. g5 c4 60.
h7+ Kh8 61. Bb1 c3 62. Be4 Ng4+ 63. Ke7 Kg7 64. g6 Nf2 65. Bf5 Nd1 66. h8=Q+
Kxh8 67. Kf7 Ne3 68. g7# 1-0

[Event "Challenge"]
[Site "http://www.queenalice.com/game.php?id=1121967"]
[Date "2012.11.13"]
[Round "-"]
[White "fieldesigner"]
[Black "Scaracioli"]
[Result "1-0"]
[WhiteElo "1608"]
[BlackElo "1664"]

1. e4 e5 2. Bc4 Nf6 3. Nc3 c6 4. Nf3 d6 5. d3 a5 6. Ng5 d5 7. exd5 b5 8. Nxb5
cxb5 9. Bxb5+ Bd7 10. Bc4 h6 11. Nf3 Bd6 12. O-O O-O 13. Qe2 Re8 14. b3 Bg4 15.
h3 Bxf3 16. Qxf3 Nbd7 17. Qg3 g5 18. h4 Nh7 19. d4 f6 20. hxg5 fxg5 21. Bd3 Ndf6
22. Qh3 Bf8 23. Qf5 Qe7 24. Re1 Qg7 25. dxe5 Nh5 26. Bc4 Ra7 27. d6+ Kh8 28. Bb2
Qg8 29. d7 Rd8 30. Bxg8 Kxg8 31. e6 Be7 32. Qf7# 1-0

[Event "Challenge"]
[Site "http://www.queenalice.com/game.php?id=1123133"]
[Date "2012.11.17"]
[Round "-"]
[White "Scaracioli"]
[Black "fieldesigner"]
[Result "1-0"]
[WhiteElo "1670"]
[BlackElo "1626"]

1. e4 e5 2. Nf3 Bd6 3. d4 Qf6 4. Bg5 Qg6 5. Nc3 Bb4 6. Qd3 Bxc3+ 7. bxc3 f6 8.
Be3 d6 9. d5 Bd7 10. Nd2 Na6 11. f3 Nc5 12. Bxc5 dxc5 13. Nb3 b6 14. c4 Nh6 15.
h3 O-O 16. g4 Qg5 17. h4 Qf4 18. Rh3 Nf7 19. Nd2 a6 20. Bg2 b5 21. O-O-O bxc4
22. Qxc4 Qe3 23. Qb3 Qe2 24. Rh2 Qb5 25. Nc4 Qxb3 26. axb3 Nd6 27. Nxd6 cxd6 28.
Kd2 a5 29. c4 Rab8 30. Kc3 Ra8 31. Bf1 a4 32. bxa4 Rxa4 33. Rb2 Ra3+ 34. Rb3 Ra4
35. Rdb1 Raa8 36. Rb7 Ba4 37. Bd3 h6 38. h5 Kh7 39. Bc2 Bxc2 40. Kxc2 Ra2+ 41.
R1b2 Rxb2+ 42. Kxb2 Kg8 43. Kb3 Ra8 44. Rd7 Ra6 45. Rd8+ Kh7 46. Rb8 Ra7 47. Rb6
Rd7 48. Ka4 g6 49. hxg6+ Kxg6 50. Kb5 Kf7 51. Kc6 Ke7 52. Rb8 Ra7 53. Rh8 Ra6+
54. Kb5 Ra3 55. Rxh6 Rxf3 56. Rh7+ Kf8 57. Rh8+ Ke7 58. Rh7+ Kf8 59. Rh8+ Ke7
60. Rh7+ Kf8 61. Rd7 Rf4 62. Rxd6 Rxe4 63. Rxf6+ Ke7 64. Re6+ Kd7 65. g5 Rf4 66.
Rxe5 Rf8 67. Kxc5 Rc8+ 68. Kd4 Kd6 69. Re6+ Kd7 70. c5 Ra8 71. c6+ Kc7 72. g6
Rg8 73. Ke5 Rd8 74. Re7+ Kb6 75. c7 Rg8 76. g7 Kb7 77. d6 Kc8 78. Ke6 Kb7 79.
Kd7 Rc8 80. Re8 Rxe8 81. Kxe8 Kc8 82. g8=Q Kb7 83. Kd7 Kb6 84. c8=Q Kb5 85.
Qgc4+ Kb6 86. Q8c7# 1-0

[Event "Revival!"]
[Site "http://www.queenalice.com/game.php?id=1124059"]
[Date "2012.11.20"]
[Round "-"]
[White "Mr_SPOCK"]
[Black "fieldesigner"]
[Result "0-1"]
[WhiteElo "1654"]
[BlackElo "1632"]

1. e4 e5 2. Nf3 Nc6 3. Bc4 Nh6 4. Nc3 Bc5 5. O-O a6 6. d3 b5 7. Bxh6 gxh6 8. Bb3
Na5 9. Bxf7+ Kxf7 10. Nxe5+ Ke6 11. Qg4+ Kxe5 12. Qf5+ Kd6 13. Qd5+ Ke7 14. Qe5+
Kf7 15. Qf5+ Kg7 16. Qxc5 d6 17. Qd4+ Kf7 18. Qd5+ Be6 19. Qh5+ Kg7 20. f4 Bf7
21. Qg4+ Kf8 22. Nd5 Nc6 23. Qh3 h5 24. f5 Nd4 25. f6 Ne6 26. g4 Rg8 27. Kf2
Rxg4 28. Rg1 Ng5 29. Qe3 h6 30. h4 Rxh4 31. Rxg5 hxg5 32. Qxg5 Rg4 33. Qh6+ Ke8
34. Rg1 Rxg1 35. Kxg1 Kd7 36. Kf2 a5 37. Qf4 b4 38. Qf5+ Kc6 39. Ne7+ Kb6 40. c4
c6 41. Ke2 a4 42. a3 bxa3 43. bxa3 Ra5 44. Qf2+ Kb7 45. Qf3 h4 46. e5 Rxe5+ 47.
Kd2 Rc5 48. d4 Rxc4 49. Qg4 Qa5+ 50. Ke3 Qc3+ 51. Ke2 Qc2+ 52. Ke3 Qc1+ 53. Ke2
Rc2+ 54. Kd3 Bc4+ 55. Ke4 Qe1+ 56. Kf4 Rf2+ 57. Qf3 Rxf3+ 58. Kxf3 h3 59. Kg4 h2
60. d5 h1=Q 61. dxc6+ Kc7 62. f7 Qhh4+ 63. Kf5 Qhxe7 64. f8=B Qxf8+ 65. Kg6 Qg3+
66. Kh7 Qfg7# 0-1

[Event "Challenge"]
[Site "http://www.queenalice.com/game.php?id=1130360"]
[Date "2012.12.11"]
[Round "-"]
[White "Scaracioli"]
[Black "fieldesigner"]
[Result "0-1"]
[WhiteElo "1715"]
[BlackElo "1612"]

1. e4 e5 2. Nf3 Nc6 3. c3 a5 4. d4 d6 5. d5 Na7 6. a4 c6 7. c4 cxd5 8. cxd5 Qc7
9. Nc3 Nf6 10. Bd3 Be7 11. h3 O-O 12. g4 Nd7 13. Bd2 Nc5 14. Bc2 Bd7 15. Na2 Nc8
16. Be3 Nb6 17. Bxc5 Qxc5 18. Rc1 Qc4 19. b3 Qc7 20. Bd3 Qd8 21. Nd2 Bh4 22. O-O
Qg5 23. f3 Qe3+ 24. Kg2 Qxd3 25. Rc3 Qa6 26. Nc4 Nc8 27. Ne3 Ne7 28. Nf5 Ng6 29.
Kh2 b5 30. Nxh4 Nxh4 31. Rc7 Rad8 32. Qd3 Qb6 33. Rc2 bxa4 34. bxa4 Bxa4 35.
Rcc1 g5 36. Rfe1 Qf2+ 0-1

[Event "Revival 2"]
[Site "http://www.queenalice.com/game.php?id=1152416"]
[Date "2013.2.16"]
[Round "-"]
[White "fieldesigner"]
[Black "Mr_SPOCK"]
[Result "1-0"]
[WhiteElo "1649"]
[BlackElo "1686"]

1. e4 e5 2. g3 d5 3. Qf3 d4 4. Bb5+ c6 5. Bc4 Be6 6. Bxe6 fxe6 7. Qh5+ Ke7 8.
Qxe5 Nd7 9. Qxd4 c5 10. Qc3 b5 11. d3 b4 12. Bg5+ Ngf6 13. Qc4 Kf7 14. Nh3 Ne5
15. Qb5 Nf3+ 16. Kd1 Rc8 17. Be3 Nxe4 18. Qb7+ Be7 19. Qxe4 Ng5 20. Nxg5+ Bxg5
21. Qf3+ Kg6 22. h4 h6 23. hxg5 hxg5 24. Qe4+ Kf7 25. Nd2 Rxh1+ 26. Qxh1 c4 27.
Qh5+ Kg8 28. Bxg5 Qf8 29. Ne4 Rc6 30. Qg6 Qf3+ 31. Ke1 Kf8 32. Rd1 b3 33. axb3
cxd3 34. cxd3 Rc2 35. Nd2 Qd5 36. Be3 Rc6 37. Ra1 a5 38. Ke2 e5 39. Qf5+ Rf6 40.
Qc8+ Kf7 41. Qc7+ Kg6 42. Rxa5 Qe6 43. Rxe5 Qg4+ 44. f3 Qh3 45. Rg5+ Kh6 46.
Qxg7# 1-0

[Event "Challenge"]
[Site "http://www.queenalice.com/game.php?id=1159579"]
[Date "2013.3.9"]
[Round "-"]
[White "AndersonSouza"]
[Black "fieldesigner"]
[Result "1-0"]
[WhiteElo "1556"]
[BlackElo "1649"]

1. b3 e5 2. Bb2 Qf6 3. g3 Bc5 4. f4 Qf5 5. Bxe5 Bxg1 6. Rxg1 Qh5 7. h4 Qg4 8. e3
Qe6 9. Bxg7 d5 10. Bxh8 Nc6 11. Bb2 Nd4 12. Bxd4 Bd7 13. Bg2 Nh6 14. Qe2 Nf5 15.
Qf2 Nxd4 16. Kd1 Qg4+ 17. Kc1 Ne2+ 18. Kb2 Nxg1 19. Qxg1 c6 20. Bf1 Qg7+ 21. Nc3
b5 22. a4 b4 23. d4 bxc3+ 24. Kxc3 c5 25. Rd1 cxd4+ 26. exd4 Rc8+ 27. Kb2 1-0

[Event "Challenge"]
[Site "http://www.queenalice.com/game.php?id=1166865"]
[Date "2013.3.31"]
[Round "-"]
[White "AndersonSouza"]
[Black "fieldesigner"]
[Result "0-1"]
[WhiteElo "1608"]
[BlackElo "1682"]

1. b3 e5 2. Bb2 d6 3. g3 Nh6 4. h3 b6 5. Bg2 c6 6. a3 Qc7 7. d3 d5 8. e3 a5 9.
Ne2 Bd6 10. c4 dxc4 11. dxc4 O-O 12. Nd2 a4 13. Rg1 axb3 14. Nxb3 Be6 15. Qc2
Bf5 16. Qd2 Nd7 17. g4 Be6 18. Rc1 b5 19. cxb5 Bxb3 20. Bxc6 Rab8 21. Nc3 Nb6
22. Ne4 Be7 23. Rc3 Be6 24. f4 Bh4+ 25. Ke2 exf4 26. exf4 Rbd8 27. Qe3 Bc4+ 28.
Kf3 f5 29. gxf5 Nxf5 30. Qc1 Nd4+ 31. Kg4 Ne2 32. Qe1 Qxf4+ 33. Kh5 Bf7+ 34. Rg6
hxg6# 0-1

[Event ":("]
[Site "http://www.queenalice.com/game.php?id=1168057"]
[Date "2013.4.4"]
[Round "-"]
[White "Mr_SPOCK"]
[Black "fieldesigner"]
[Result "0-1"]
[WhiteElo "1666"]
[BlackElo "1666"]

1. e4 b6 2. e5 Nc6 3. d4 d6 4. Nf3 d5 5. Bb5 Bb7 6. c4 h6 7. O-O e6 8. Qb3 a6 9.
Ba4 f6 10. exf6 gxf6 11. cxd5 Qxd5 12. Qd3 Ne7 13. Bd2 O-O-O 14. Nc3 Qh5 15. Bd1
Qf7 16. Bb3 h5 17. Rae1 Rd6 18. Ne4 Rd5 19. Bxd5 Nxd5 20. Nh4 Rg8 21. Nf3 Qg7
22. Nh4 f5 23. Ng3 Qg4 24. Nf3 f4 25. h3 Qg7 26. Nh4 Be7 27. Rxe6 Bxh4 28. Bxf4
Nxf4 29. Qf5 Nxe6 30. Qxe6+ Kb8 31. d5 Nd4 32. Qe4 Nb5 33. Qxh4 Nd6 34. Qxh5 Qd4
35. Rd1 Qxb2 36. Qh7 Rf8 37. Rf1 Qxa2 38. Ne4 Qxd5 39. f3 Qd4+ 40. Kh1 Nxe4 41.
Rc1 Nf2+ 42. Kh2 Qf4+ 43. g3 Qxc1 44. Kg2 Bxf3+ 45. Kxf2 Be4+ 46. Ke2 Bxh7 47.
g4 Re8+ 48. Kf3 Qe3+ 49. Kg2 Be4+ 50. Kf1 Rf8# 0-1

[Event "Challenge"]
[Site "http://www.queenalice.com/game.php?id=1178840"]
[Date "2013.5.5"]
[Round "-"]
[White "Rogerio11"]
[Black "fieldesigner"]
[Result "0-1"]
[WhiteElo "1344"]
[BlackElo "1695"]

1. e4 e5 2. Bc4 Qh4 3. Nf3 Qxe4+ 4. Be2 Bc5 5. d3 Qg6 6. Nxe5 Qxg2 7. Rf1 Qxh2
8. Kd2 Qxe5 9. c3 Be7 10. Bg4 Nh6 11. d4 Qe4 12. c4 Qxd4+ 13. Ke1 Bb4+ 14. Nd2
Nxg4 15. a3 Ba5 16. b4 O-O 17. Rb1 Re8+ 18. Qe2 Rxe2+ 19. Kxe2 Qe5+ 20. Kd1 Kf8
21. bxa5 Qxa5 22. f3 Ne3+ 23. Ke2 Nxf1 24. Nxf1 Nc6 25. Rb5 Nd4+ 26. Ke3 Qc3+
27. Ke4 Nxb5 28. cxb5 Qxc1 29. Ne3 Qb1+ 30. Kf4 a6 31. bxa6 Rxa6 32. Nf5 Ra4+
0-1

[Event "Let's Play Chess!"]
[Site "http://www.queenalice.com/game.php?id=1195834"]
[Date "2013.7.2"]
[Round "-"]
[White "fieldesigner"]
[Black "Eggchaser"]
[Result "0-1"]
[WhiteElo "1690"]
[BlackElo "1880"]

1. e4 d6 2. h3 c5 3. c3 Nf6 4. Qf3 a6 5. g4 h6 6. Bc4 e6 7. a4 Nc6 8. h4 Ne5 9.
Qe2 Nfxg4 10. f3 Nf6 11. Nh3 Nh5 12. Rg1 Qxh4+ 13. Kd1 Qxh3 14. d4 Nf4 15. Bxf4
Nxc4 16. Rg3 Nxb2+ 17. Qxb2 Qf1+ 18. Kc2 g5 19. Bd2 Qf2 20. Rg4 Qxf3 21. Rg1
Qxe4+ 22. Kc1 Bg7 23. dxc5 dxc5 24. Qb6 O-O 25. Qxc5 Bd7 26. Bxg5 hxg5 27. Qxg5
Qg6 28. Qxg6 fxg6 29. Rxg6 Kh7 30. Rg3 Bh6+ 31. Nd2 Rf1+ 32. Kb2 Rxa1 33. Kxa1
Bxd2 34. Rh3+ Bh6 35. a5 Bc6 36. Kb2 Rf8 37. Kb3 Rf5 38. Kc4 Rxa5 39. Kb4 Rf5
40. Rd3 Bf8+ 41. Kb3 Rf3 42. Rd6 Bxd6 0-1

[Event "Let's Play Chess!"]
[Site "http://www.queenalice.com/game.php?id=1195835"]
[Date "2013.7.2"]
[Round "-"]
[White "Eggchaser"]
[Black "fieldesigner"]
[Result "1-0"]
[WhiteElo "1921"]
[BlackElo "1697"]

1. Nf3 d6 2. d4 Bf5 3. Nc3 c6 4. e4 Be6 5. Bd3 h6 6. O-O Bc8 7. Be3 Bg4 8. h3
Bxf3 9. Qxf3 b5 10. a3 Nf6 11. Rfe1 Nbd7 12. Bf4 e5 13. dxe5 dxe5 14. Be3 a6 15.
Rad1 c5 16. Nd5 Nxd5 17. exd5 c4 18. Be4 Bd6 19. Qg4 g6 20. Bxg6 fxg6 21. Qxg6+
Ke7 22. Qe6+ Kf8 23. Qxd6+ Ke8 24. Qg6+ Kf8 25. Bxh6+ Rxh6 26. Qxh6+ Ke8 27.
Qe6+ Kf8 28. Re3 Kg7 29. Rg3+ Kh7 30. Qg6+ Kh8 31. Qg7# 1-0